Nazwij państwo A-Z - Statystyki

Ogólne statystyki
  • Ten quiz został rozwiązany 181 324 razy
  • Średni wynik to 20 z 24
Statystyki odpowiedzi
Litera Państwa % Poprawnych
A Afganistan | Albania | Algieria | +9
98%
B Bahamy | Bahrajn | Bangladesz | +14
97%
C Chile | Chiny | Chorwacja | +4
96%
F Fidżi | Filipiny | Finlandia | Francja
96%
D Dominika | Dominikana | Dzibuti | +1
94%
E Egipt | Ekwador | Erytrea | +3
93%
G Gabon | Gambia | Ghana | +7
92%
H Haiti | Hiszpania | Holandia | Honduras
90%
I Indie | Indonezja | Irak | +4
90%
K Kambodża | Kamerun | Kanada | +14
89%
M Macedonia Północna | Madagaskar | Malawi | +14
88%
P Pakistan | Palau | Panama | +5
88%
L Laos | Lesotho | Liban | +5
87%
Ł Łotwa
87%
J Jamajka | Japonia | Jemen | Jordania
86%
N Namibia | Nauru | Nepal | +6
86%
R Rosja | Rumunia | Rwanda | +3
82%
S Salwador | Samoa | San Marino | +18
79%
T Tadżykistan | Tajlandia | Tajwan | +9
74%
O Oman
73%
U Uganda | Ukraina | Urugwaj | Uzbekistan
73%
W Watykan | Węgry | Wenezuela | +7
66%
Z Zambia | Zimbabwe | Zjednoczone Emiraty Arabskie
59%
V Vanuatu
36%
Nie znaleziono quizów pasujących do podanych kryteriów
Rozkład punktacji
Procent ludzi z każdym wynikiem
Percentyl według liczby udzielonych odpowiedzi
Twoja historia wyników
Nie rozwiązałeś tego quizu